[Event "Staraya Mayna Sidorov Cup"]
[Site "Staraya Mayna"]
[Date "2018.07.14"]
[Round "8"]
[White "Golubchikov, Alexey"]
[Black "Vatutin, Petr"]
[Result "1/2-1/2"]
[WhiteElo "1848"]
[BlackElo "1693"]
[PlyCount "54"]
[EventDate "2018.07.10"]
[EventType "swiss"]
[EventRounds "9"]
[EventCountry "RUS"]
[SourceTitle "EXT 2019"]
[Source "ChessBase"]
[SourceDate "2018.10.10"]
[SourceVersion "1"]
[SourceVersionDate "2018.10.10"]
[SourceQuality "1"]

1. e4 c6 2. d4 d5 3. e5 Bf5 4. Nf3 e6 5. Be2 Qb6 6. Nc3 Nd7 7. 0-0 a6 8. Rb1 c5 9. dxc5 Nxc5 10. Be3 Qc7 11. Rc1 Ne7 12. Nh4 Bg6 13. f4 0-0-0 14. b4 Nd7 15. Na4 b5 16. Nb2 Nb6 17. Nxg6 hxg6 18. a4 Nc4 19. Bd4 Nc6 20. axb5 axb5 21. Nxc4 dxc4 22. c3 Nxd4 23. cxd4 Qb6 24. Bxc4 Kb8 25. Kh1 Rxd4 26. Bd3 Be7 27. Qc2 Rd7 1/2-1/2

[Event "Staraya Mayna Sidorov Cup"]
[Site "Staraya Mayna"]
[Date "2018.07.13"]
[Round "7"]
[White "Alachihin, Vladimir"]
[Black "Golubchikov, Alexey"]
[Result "1-0"]
[WhiteElo "2283"]
[BlackElo "1848"]
[PlyCount "71"]
[EventDate "2018.07.10"]
[EventType "swiss"]
[EventRounds "9"]
[EventCountry "RUS"]
[SourceTitle "EXT 2019"]
[Source "ChessBase"]
[SourceDate "2018.10.10"]
[SourceVersion "1"]
[SourceVersionDate "2018.10.10"]
[SourceQuality "1"]

1. d4 d5 2. c4 c6 3. Nf3 Nf6 4. Nc3 Bf5 5. Qb3 Qb6 6. c5 Qxb3 7. axb3 Nbd7 8. b4 a6 9. b5 cxb5 10. Nxb5 Rc8 11. Nc3 e5 12. e3 e4 13. Nd2 Be7 14. Be2 0-0 15. 0-0 Be6 16. Nb3 Bd8 17. Na5 Bxa5 18. Rxa5 Nb8 19. Bd2 Nc6 20. Ra4 Nd7 21. Rb1 Na7 22. f3 f5 23. fxe4 fxe4 24. Be1 Nf6 25. h3 g5 26. Rb4 Rf7 27. Bg3 Kg7 28. Be5 Kg6 29. Bxf6 Nc6 30. Rb6 Rxf6 31. Rxb7 a5 32. Rf1 Rxf1+ 33. Bxf1 Nb4 34. Rb6 Kf7 35. Be2 Nc2 36. Rxe6 1-0

[Event "Staraya Mayna Sidorov Cup"]
[Site "Staraya Mayna"]
[Date "2018.07.12"]
[Round "5"]
[White "Gogolev, Artem"]
[Black "Golubchikov, Alexey"]
[Result "0-1"]
[WhiteElo "2407"]
[BlackElo "1848"]
[PlyCount "54"]
[EventDate "2018.07.10"]
[EventType "swiss"]
[EventRounds "9"]
[EventCountry "RUS"]
[SourceTitle "EXT 2019"]
[Source "ChessBase"]
[SourceDate "2018.10.10"]
[SourceVersion "1"]
[SourceVersionDate "2018.10.10"]
[SourceQuality "1"]

1. d4 d5 2. Nf3 Nf6 3. Bf4 c5 4. c3 Nc6 5. e3 Qb6 6. Qc2 Bf5 7. dxc5 Bxc2 8. cxb6 axb6 9. Na3 Bg6 10. Nb5 Ra5 11. a4 e6 12. b4 Nxb4 13. cxb4 Bxb4+ 14. Kd1 Ne4 15. Bg3 0-0 16. Ne5 Bh5+ 17. f3 Rfa8 18. Bd3 Rxa4 19. Rxa4 Rxa4 20. Kc2 Nc5 21. Be1 Ra1 22. g4 f6 23. gxh5 fxe5 24. Nc3 Bxc3 25. Bxh7+ Kxh7 26. Kxc3 b5 27. Kb2 Rxe1 0-1

[Event "Uljanovsk Volga op"]
[Site "Uljanovsk"]
[Date "2016.01.09"]
[Round "9"]
[White "Golubchikov, Alexey"]
[Black "Dobrocmyslov, Artem"]
[Result "0-1"]
[WhiteElo "1828"]
[BlackElo "2119"]
[PlyCount "116"]
[EventDate "2016.01.05"]
[EventType "swiss"]
[EventRounds "9"]
[EventCountry "RUS"]
[SourceTitle "CBM 170 Extra"]
[Source "ChessBase"]
[SourceDate "2016.02.25"]
[SourceVersion "1"]
[SourceVersionDate "2016.02.25"]
[SourceQuality "1"]

1. e4 c5 2. c3 e6 3. d4 d5 4. exd5 exd5 5. Nf3 Nc6 6. Be2 Bd6 7. dxc5 Bxc5 8. 0-0 Nge7 9. Nbd2 0-0 10. Nb3 Bb6 11. Bg5 Qd6 12. Bxe7 Nxe7 13. Nbd4 Ng6 14. Re1 Nf4 15. Bf1 Bg4 16. Qd2 Qh6 17. h3 Bh5 18. Nf5 Nxh3+ 19. gxh3 Qg6+ 20. Qg5 Bd8 21. Qxg6 fxg6 22. N5d4 Bxf3 23. Nxf3 Rxf3 24. Bg2 Rf5 25. Rad1 Bb6 26. Bxd5+ Kh8 27. Re2 Raf8 28. Rdd2 h5 29. Bxb7 Kh7 30. Bd5 Kh6 31. c4 Bc5 32. Kg2 g5 33. f3 Rf4 34. b3 g4 35. hxg4 hxg4 36. fxg4 Rxg4+ 37. Kh3 Rff4 38. Be6 Rg1 39. Rg2 Re1 40. Rde2 Ref1 41. Bg4 g6 42. Rd2 Bb6 43. Rc2 Bc7 44. Rh2 Kg5 45. Rcg2 Kh6 46. Rc2 Kg5 47. Rcg2 Kf6 48. Rc2 Rg1 49. Rcg2 Rxg4 50. Rxg4 Rxg4 51. Rc2 Rg3+ 52. Kh4 g5+ 53. Kh5 Kf5 54. Kh6 Rh3+ 55. Kg7 Be5+ 56. Kf7 Rh7+ 57. Ke8 Ke6 58. Kd8 Rh8# 0-1

[Event "Uljanovsk Volga op"]
[Site "Uljanovsk"]
[Date "2014.01.04"]
[Round "3"]
[White "Golubchikov, Alexey"]
[Black "Privezentsev, Alexey S"]
[Result "1-0"]
[WhiteElo "1783"]
[BlackElo "1546"]
[PlyCount "81"]
[EventDate "2014.01.03"]
[EventType "swiss"]
[EventRounds "9"]
[EventCountry "RUS"]
[SourceTitle "CBM 158 Extra"]
[Source "ChessBase"]
[SourceDate "2014.02.28"]
[SourceVersion "1"]
[SourceVersionDate "2014.02.28"]
[SourceQuality "1"]

1. e4 e6 2. f4 d5 3. e5 c5 4. d4 Bd7 5. Nf3 Nc6 6. Bd3 f5 7. 0-0 Nxd4 8. Nxd4 cxd4 9. a3 a5 10. Nd2 Bc5 11. Nf3 h6 12. Kh1 Ne7 13. b3 Nc6 14. g3 0-0 15. Bb2 Qb6 16. Re1 Be8 17. Ng1 Rc8 18. Qd2 Bh5 19. Be2 Bxe2 20. Rxe2 d3 21. Qxd3 Nd4 22. Rd2 Nc6 23. Ne2 Rfd8 24. Nc3 Qa7 25. Rad1 Rd7 26. Na4 Be3 27. Re2 d4 28. Rxe3 dxe3 29. Qxd7 Qb8 30. Qxe6+ Kh8 31. Re1 Qc7 32. Rxe3 Nd8 33. Qc4 Qxc4 34. bxc4 Rxc4 35. Rc3 Rxa4 36. Rc8 Kh7 37. Rxd8 Rc4 38. Rd2 b5 39. Re2 Re4 40. Rxe4 fxe4 41. Kg2 1-0

[Event "Ulstudents-ch op"]
[Site "Russia"]
[Date "2012.04.07"]
[Round "7"]
[White "Golubchikov, Alexey"]
[Black "Terentiev, Alexander"]
[Result "1/2-1/2"]
[WhiteElo "1787"]
[BlackElo "1891"]
[PlyCount "29"]
[EventDate "2012.03.24"]
[EventType "swiss"]
[EventRounds "9"]
[EventCountry "RUS"]
[SourceTitle "EXT 2014"]
[Source "ChessBase"]
[SourceDate "2013.11.20"]
[SourceVersion "1"]
[SourceVersionDate "2013.11.20"]
[SourceQuality "1"]

1. e4 e5 2. Nf3 Nc6 3. Bc4 Be7 4. d4 exd4 5. c3 d6 6. cxd4 Nf6 7. Nc3 Bg4 8. Qb3 0-0 9. Qxb7 Na5 10. Qa6 c6 11. Be2 d5 12. e5 Ne4 13. 0-0 Bb4 14. Nd1 Rb8 15. Ne3 1/2-1/2